[Event "84th ESP-ch 2019"]
[Site "Marbella"]
[Date "2019.11.17"]
[Round "2.13"]
[White "Rodriguez Lopez, Rafael"]
[Black "Del Rio De Angelis, Salvador G."]
[Result "0-1"]
[WhiteElo "2228"]
[BlackElo "2502"]
[Annotator "TA"]
[PlyCount "76"]
[EventDate "2019.11.16"]
[EventType "swiss"]
[EventCountry "ESP"]
[SourceTitle "playchess.com"]
[Source "ChessBase"]
[SourceQuality "1"]

{[%evp 12,76,31,31,34,22,52,29,54,22,12,24,70,62,57,68,65,54,52,53,69,-25,-33,-31,-27,-33,-29,-32,-31,-32,-36,-54,-54,-52,-52,-46,-53,-96,-102,-136,-144,-137,-136,-158,-81,-81,-77,-104,-101,-243,-225,-291,-297,-412,-412,-477,-447,-444,-449,-452,-446,-441,-440,-485,-484,-480,-479]} 1. e4 d6 2. d4 Nf6 3. Nc3 e5 4. Nf3 Nbd7 5. Bc4 Be7 6. a4 O-O 7. O-O exd4 {C41: Philidor Defence} (7... c6 8. Re1 h6 9. h3 Re8 10. dxe5 Nxe5 11. Nxe5 dxe5 12. Qf3 Bb4 13. Rd1 Qe7 14. Ne2 Be6 15. Bxe6 Qxe6 16. Ng3 Bc5 17. Be3 Bxe3 18. Qxe3 {½-½ (68) Dominguez Perez,L (2752)-Rapport,R (2739) Hengshui 2019}) 8. Nxd4 Re8 9. a5 Bf8 $146 {White has an edge.} ({Predecessor:} 9... a6 10. h3 Bf8 11. Re1 c6 12. Bf4 Ne5 13. Bb3 Bd7 14. Bg3 b5 15. axb6 Qxb6 {1-0 (48) Kogan,A (2525)-Janev,E (2475) Albena 2010}) 10. f3 c6 11. Kh1 d5 12. exd5 Ne5 13. Bb3 Nxd5 14. Nxd5 cxd5 15. Bf4 Qf6 16. Qd2 ({White should try} 16. Bxe5 $14 Rxe5 17. f4) 16... Nc4 $11 17. Bxc4 $1 dxc4 18. Ra4 Bd7 19. Rxc4 Qa6 20. b3 Rac8 21. Rb1 Rxc4 22. bxc4 Qxc4 $40 {[%mdl 128] Black mounts an attack.} 23. h3 Bc8 24. Qd3 {[#]} Qa2 $1 {[%cal Ra2b1]} 25. Qb5 Rd8 26. c3 Rd5 27. Qb3 Qxb3 ({Better is} 27... Qxa5 28. Be3 Rh5) 28. Nxb3 $17 f6 29. c4 Rd3 30. a6 (30. Bb8 $17) 30... b6 $19 {[%cal Bb7b6,Bb6c5,Bc5c4,Bc4c3][%mdl 32]} ({Don't take} 30... bxa6 31. Na5) 31. c5 bxc5 32. Na5 Bxa6 33. Nc6 g5 {Black is clearly winning.} 34. Bb8 c4 {[#] And now ...c3 would win.} 35. Bxa7 c3 {Threatens to win with ...c2.} 36. Nd4 Bd6 37. Kg1 Bf4 {White must now prevent ...Be3+.} 38. Nc2 Rd2 {Accuracy: White = 25%, Black = 75%.} 0-1

[Event "84th ESP-ch 2019"]
[Site "Marbella"]
[Date "2019.11.17"]
[Round "2.14"]
[White "Asis Gargatagli, Hipolito"]
[Black "Martinez Piqueras, Carlos"]
[Result "1-0"]
[WhiteElo "2497"]
[BlackElo "2206"]
[Annotator "TA"]
[PlyCount "49"]
[EventDate "2019.11.16"]
[EventType "swiss"]
[EventCountry "ESP"]
[SourceTitle "playchess.com"]
[Source "ChessBase"]
[SourceQuality "1"]

{[%evp 9,49,25,30,21,24,16,35,21,48,47,41,56,66,52,48,43,43,28,42,43,84,91,95,93,221,228,215,216,299,273,350,350,350,343,350,349,374,371,502,483,693,665]} 1. e4 c5 2. Nf3 Nc6 3. Bb5 Nf6 4. Nc3 g6 5. h3 Bg7 (5... Nd4 6. e5 Nh5 7. Bc4 Nf4 8. O-O Bg7 9. d3 Nfe6 10. Re1 O-O 11. Nxd4 cxd4 12. Nd5 b6 13. Qf3 {1-0 (48) Wang,H (2725)-Nguyen,N (2636) Changsha 2019}) 6. e5 {B30: Sicilian: 2...Nc6 3 Bb5, lines without ...g6} Ng8 7. O-O Nh6 8. d4 {White is slightly better.} cxd4 9. Nxd4 O-O 10. Nf3 a6 $146 ({Predecessor:} 10... d6 11. exd6 Qxd6 12. Qxd6 exd6 13. Nd5 {1-0 (29) Ibarra Jerez,J (2510)-Escudero Manzano,A (2267) Roquetas de Mar 2014}) 11. Ba4 d6 12. exd6 Qxd6 13. Qxd6 exd6 14. Nd5 Nf5 15. Nb6 $36 {[%mdl 2048] Keeping Black busy.} Rb8 16. c3 Ne5 (16... h6 $16 {was called for.}) 17. Nxe5 $18 dxe5 18. Bd7 Ne7 {If Black can now play ...Rd8 this consolidates a bit.} 19. Bxc8 Rbxc8 20. Nxc8 Rxc8 21. Rd1 Nc6 22. Rd7 b5 23. Be3 b4 24. cxb4 Nxb4 (24... Nd4 $142 25. Bxd4 exd4) 25. a3 {Accuracy: White = 95%, Black = 32%.} 1-0

[Event "84th ESP-ch 2019"]
[Site "Marbella"]
[Date "2019.11.17"]
[Round "2.15"]
[White "Martin Hernandez, Ruben"]
[Black "Larino Nieto, David"]
[Result "1-0"]
[WhiteElo "2206"]
[BlackElo "2473"]
[Annotator "TA"]
[PlyCount "39"]
[EventDate "2019.11.16"]
[EventType "swiss"]
[EventCountry "ESP"]
[SourceTitle "playchess.com"]
[Source "ChessBase"]
[SourceQuality "1"]

{[%evp 9,39,64,66,51,60,45,118,118,124,135,166,165,341,351,366,360,360,308,301,311,1107,750,1059,1044,1936,1917,29986,29987,29993,29994,29994,29994]} 1. d4 d6 2. Nf3 Nd7 3. e4 h6 (3... Ngf6 4. e5 Nd5 5. c4 N5b6 6. e6 fxe6 7. Nc3 Nf6 8. Bd3 g6 9. h4 c6 10. h5 gxh5 11. Ng5 {0-1 (73) Andreikin,D (2723)-Nepomniachtchi,I (2707) Novosibirsk 2012}) 4. Bc4 e6 5. Bb3 $146 ({Predecessor:} 5. h4 g6 6. Bf4 Bg7 7. c3 e5 8. dxe5 dxe5 9. Be3 Ngf6 10. Nfd2 Qe7 11. g4 {0-1 (39) Cruz Ravina,F (2366)-Larino Nieto,D (2457) Linares 2019}) 5... Ngf6 6. e5 {B07: Pirc Defence: Miscellaneous Systems} dxe5 7. dxe5 Ng4 ({Black should try} 7... Nd5 $14) 8. Qe2 $16 {White is better.} c6 9. Bf4 {h3 is the strong threat.} g5 {[#]} 10. Bg3 $1 {And now h3 would win.} Qa5+ $2 (10... h5) 11. Nbd2 $18 Bg7 {[%cal Rg4e5]} 12. O-O-O Ngxe5 13. Nxe5 Nxe5 14. Rhe1 f6 $2 (14... b6 15. Bxe5 Bxe5 16. Qxe5 Qxe5 17. Rxe5 Ke7) 15. Bxe5 fxe5 16. Qh5+ Kf8 17. Ne4 Qc7 18. Re3 {White mates.} Kg8 {[#]} 19. Qg6 $1 {[%mdl 512]} Qe7 20. Rf3 {Accuracy: White = 92%, Black = 14%.} 1-0

[Event "84th ESP-ch 2019"]
[Site "Marbella"]
[Date "2019.11.17"]
[Round "2.16"]
[White "Alsina Leal, Daniel"]
[Black "Perera Borrego, Maria Adela"]
[Result "1-0"]
[WhiteElo "2467"]
[BlackElo "2201"]
[Annotator "TA"]
[PlyCount "313"]
[EventDate "2019.11.16"]
[EventType "swiss"]
[EventCountry "ESP"]
[SourceTitle "playchess.com"]
[Source "ChessBase"]
[SourceQuality "1"]

{[%evp 16,313,20,12,29,0,0,0,-14,-3,152,164,153,155,178,157,181,155,200,186,216,189,211,182,196,201,195,179,183,184,152,119,112,102,84,64,92,90,137,83,70,0,97,57,54,45,109,105,118,107,100,52,52,52,55,59,77,77,121,134,143,136,165,165,165,163,143,119,102,12,12,12,12,22,18,7,70,90,74,72,111,66,66,67,180,159,175,171,346,346,346,346,346,346,362,362,362,362,362,362,329,344,327,320,320,269,431,423,487,254,235,244,320,305,305,305,427,413,479,458,513,269,269,40,40,40,40,33,40,40,40,40,40,33,40,33,47,47,47,47,47,47,47,47,47,47,47,47,47,47,47,29,29,0,74,74,74,74,74,74,135,135,135,135,135,135,135,135,135,135,135,135,135,135,135,135,135,135,135,135,135,135,135,104,104,104,104,8,8,0,127,104,104,104,104,104,135,135,135,8,165,165,172,172,172,172,172,172,172,172,172,172,172,172,206,172,29953,29954,29954,29956,29958,29957,29960,29962,29962,29962,29990,29991,29992,29969,29970,29971,29971,29972,29972,29972,29971,29973,29971,29973,29974,29974,29978,29979,29979,29980,29980,29980,29980,29981,29983,29984,29984,29979,29979,29977,29976,29976,29976,29976,29976,29976,29976,29978,29979,29980,29980,29979,29981,29980,29982,29978,29983,29984,29984,29985,29985,29986,29987,29988,29988,29989,29989,29990,29990,29990,29991,29992,29992,29992,29992,29992,29993,29994,29994,29995,29995,29996,29996,4149]} 1. e4 e6 2. d4 d5 3. Nc3 Nf6 4. e5 Nfd7 5. f4 c5 6. Nf3 Nc6 7. Be3 Be7 8. Qd2 O-O 9. dxc5 Qa5 {C11: French: Classical System: 4 e5 and 4 Bg5 dxe4} (9... Nxc5 10. O-O-O a6 11. h4 Qc7 12. Bd3 Nb4 13. Kb1 Nbxd3 14. cxd3 Bd7 15. Rc1 Qb6 16. f5 Rfc8 17. Bg5 {1-0 (41) Shankland,S (2713)-Cori,J (2686) Biel 2019}) 10. h4 Bxc5 11. O-O-O Bb4 {The position is equal.} 12. a3 Bxa3 $146 (12... Bxc3 $1 $11 13. Qxc3 Qxc3 14. bxc3 Ne7) ({Predecessor:} 12... Bxc3 13. Qxc3 Qxc3 14. bxc3 Nb6 15. Nd4 Na5 16. Nb5 Bd7 17. Bxb6 axb6 {½-½ (49) Gundavaa,B (2477)-Bajarani,U (2392) Puerto Madryn 2009}) 13. bxa3 $16 Qxa3+ 14. Kb1 {Hoping for Nb5.} b5 15. Nd4 (15. Nxb5 Rb8 $11) 15... Na5 {With the idea ...Nc4.} 16. Na2 {[%cal Bc3a2,Ba2b4,Bb4c6][%mdl 32]} (16. Ncxb5 $6 Rb8 $16) 16... Nc4 17. Bxc4 $1 dxc4 18. Qc3 Qa6 19. Nb4 Qb7 20. Ndc6 Re8 {next ...a5 is good for Black.} 21. Na5 Qc7 22. Nbc6 Nb6 23. Qb4 Nd5 24. Rxd5 exd5 25. Bc5 (25. Qxb5 $2 Bd7 $19) 25... Kh8 26. Rd1 {[%mdl 1024] White has strong compensation.} (26. Qxb5 Bd7 $15) 26... Be6 27. Bd6 (27. Qxb5 $2 Reb8 $1 $19 {[%mdl 512]}) (27. Ne7 $142) 27... Qb6 28. Bc5 Qc7 $1 29. Nd4 ({Don't go for} 29. Qxb5 $2 Reb8 $1 $19 {[%mdl 512]}) 29... Bg4 30. Rf1 ({Not} 30. Nxb5 $2 Qd7 $19) 30... a6 (30... Rac8 $14 31. Bd6 Qb6) 31. Bd6 Qb6 32. c3 $1 f6 33. Ka2 $36 {[%mdl 2048] White is pushing.} Rac8 34. Re1 Kg8 35. Qa3 Kf7 36. g3 h5 37. Bb4 $1 Kg8 38. Qc1 Rc7 39. exf6 Rxe1 40. Qxe1 Qxf6 41. Qe8+ Kh7 {[#]} 42. Ka3 (42. f5 $1 $16 {[%mdl 512]}) 42... Rc8 $11 43. Qe5 Qg6 {aiming for ...Qb1.} 44. f5 Qh6 45. Qf4 Re8 (45... Qxf4 $11 46. gxf4 Re8) 46. Qxh6+ $1 $14 Kxh6 47. Bd6 Re1 48. Kb4 Rb1+ 49. Kc5 b4 (49... Kh7 $1 $14) 50. cxb4 $18 c3 51. Kxd5 Bd1 $2 (51... c2) 52. Kc4 c2 53. Bf4+ Kh7 54. Nab3 Rb2 55. Nc1 Kg8 56. Kc3 Rb1 57. Ncb3 ({Weaker is} 57. Nxc2 Bxc2 58. Kxc2 Rxb4 $16) 57... Kf7 58. Bg5 Bg4 59. Kxc2 Rg1 60. Bf4 Kf6 $2 (60... Rd1 {might work better.} 61. Kc3 Rb1) 61. Nc5 Bxf5+ 62. Kb2 (62. Nxf5 $142 Kxf5 63. Nxa6) 62... Bc8 63. Nc6 Re1 64. Na7 Re2+ 65. Kc3 Bf5 66. Nxa6 Ra2 67. b5 Be4 68. Nc8 {And now Nd6 would win.} Bb7 69. Nd6 $2 (69. Nb6 $18) 69... Bxa6 $14 70. bxa6 Rxa6 71. Kd4 Ke6 72. Nc4 Ra4 73. Kd3 Ra2 74. Bd2 Ra8 75. Ne3 g6 76. Ke4 Ra4+ 77. Kf3 Ra3 78. Bb4 Rb3 79. Bf8 Rb8 80. Bg7 Rb7 81. Bd4 Rb4 82. Ke4 Rb3 83. Bc5 Rb5 84. Bd4 Rb4 (84... Rb3 $1 $11) 85. Ng2 $16 Kf7 86. Nf4 Rb3 87. Nd3 Ra3 (87... Ke7 $142) 88. Ne5+ Kg8 89. Nxg6 {Strongly threatening Be5.} Rxg3 90. Nf4 Kh7 91. Kf5 Kh6 92. Bf6 Rf3 93. Bg5+ Kh7 {[#]} 94. Ke4 $1 Ra3 95. Nxh5 Ra4+ 96. Kf5 Ra5+ 97. Kg4 Ra4+ 98. Nf4 Ra1 99. h5 Ra4 100. Kf5 Ra1 101. Nd3 ({Better is} 101. Ng6 $16) 101... Rh1 $11 102. Nf4 {Kg4 is the strong threat.} Rh2 (102... Ra1 $1 $11 {keeps the balance.}) 103. Be7 Rh1 104. Bc5 Kh6 105. Kg4 Rd1 106. Be3 Kh7 107. Kf5 (107. Nh3 $16) 107... Re1 $2 (107... Kh6 $11) 108. Nd5 $18 Rh1 109. Kg5 Rh3 110. Nf6+ Kg7 111. Bd4 Rg3+ 112. Ng4+ Kh7 113. Bf2 Rd3 114. Nf6+ Kh8 115. Bh4 Ra3 $2 {[#]} (115... Kg7 $18 116. Bf2 Rb3 117. h6+ Kf7) 116. Kg6 $1 {White mates.} Rg3+ {[#]} 117. Bg5 $1 Rg1 118. Nd7 Rg2 119. Ne5 Kg8 120. h6 Rh2 121. Ng4 Rh1 122. h7+ {[%mdl 64] Decoy} Rxh7 123. Nf6+ {[%mdl 64] Double Attack} Kf8 124. Nxh7+ Ke8 125. Kf6 Kd7 126. Ke5 Kc6 127. Nf6 Kc5 128. Be3+ Kc4 129. Ke4 Kc3 130. Bd4+ Kc4 131. Ng4 Kb4 132. Kd5 Kb3 133. Ne3 Kb4 134. Be5 Kb5 135. Bd6 Kb6 136. Nf5 Kb7 137. Ne7 Kb6 138. Kc4 Ka6 139. Nd5 Ka7 140. Kb5 Kb7 141. Nb6 Ka7 142. Kc6 Ka6 143. Bb8 Ka5 144. Nd5 Ka4 145. Kc5 Kb3 146. Nb4 Kc3 147. Bf4 Kb3 148. Be5 Ka4 149. Kc4 Ka5 150. Bc7+ Ka4 151. Nd3 Ka3 152. Bb6 Ka4 153. Nb2+ Ka3 154. Kc3 Ka2 155. Kc2 Ka1 156. Bc5 Ka2 157. Nd3 {Accuracy: White = 64%, Black = 48%.} 1-0

[Event "84th ESP-ch 2019"]
[Site "Marbella"]
[Date "2019.11.17"]
[Round "2.17"]
[White "Rodriguez Reinoso, Victoriano"]
[Black "Diaz Camallonga, Carles"]
[Result "1/2-1/2"]
[WhiteElo "2204"]
[BlackElo "2465"]
[Annotator "TA"]
[PlyCount "87"]
[EventDate "2019.11.16"]
[EventType "swiss"]
[EventCountry "ESP"]
[SourceTitle "playchess.com"]
[Source "ChessBase"]
[SourceQuality "1"]

{[%evp 20,87,0,0,0,0,-4,-14,-6,-16,0,0,0,-14,-9,-16,-22,-2,-17,-6,-10,-15,0,0,11,4,10,-20,-16,-20,-40,-58,-53,-70,0,0,0,9,10,0,6,8,13,6,0,-29,10,9,9,2,59,-35,-35,-32,30,22,20,20,77,0,0,0,45,0,0,0,0,0,35,43]} 1. Nf3 Nf6 2. c4 e6 3. g3 d5 4. b3 Be7 5. Bg2 O-O 6. Bb2 b6 7. O-O Bb7 8. d4 dxc4 9. bxc4 c5 10. e3 Nbd7 11. Nbd2 Rc8 {E17: Queen's Indian: 4 g3 Bb7 5 Bg2 Be7} 12. Rc1 Qc7 (12... Rc7 13. a3 Qa8 14. Nh4 Rd8 15. Qe2 Bxg2 16. Nxg2 Ne4 17. Nxe4 Qxe4 18. f3 Qb7 19. f4 {0-1 (46) Tisdall,J (2437)-Boruchovsky,A (2453) Rhodes 2013}) 13. Qb3 Rfd8 {The position is equal.} 14. Rfd1 Qb8 15. a4 Bc6 16. Bc3 $146 ({Predecessor:} 16. Ne5 Bxg2 17. Kxg2 Nxe5 18. dxe5 {0-1 (39) Kostic,J-Mahlev,A Teteven 1991}) 16... Qb7 17. a5 Ne4 18. Nxe4 Bxe4 19. Ne1 Bxg2 20. Nxg2 cxd4 21. exd4 Nf6 22. axb6 axb6 23. Ne3 Qf3 24. Rd3 Ne4 25. Be1 {Strongly threatening Nd5!} Ng5 {aiming for ...Nh3+.} 26. Ng2 Qc6 (26... Qf6 $15 27. Rcd1 Rxd4 $1 {[%mdl 576] Decoy} 28. Rxd4 Nf3+ {[%mdl 64] Double Attack} 29. Kf1 Nxd4 30. Qxb6 Nf3) 27. h4 $1 $11 {[%cal Rh4g5]} Ne4 28. Ne3 Qc7 29. Rcd1 Kh8 30. Rb1 Rb8 31. Qd1 f5 32. Bb4 Bf6 33. d5 $1 f4 34. d6 Qc6 (34... Qf7 $11 35. Ng4 e5) 35. Ng4 ({Better is} 35. gxf4 $14 Ra8 36. Qf3) 35... fxg3 $15 36. fxg3 Nc5 (36... Qxc4 $15 37. d7 Rb7) 37. Bxc5 $11 Qxc5+ 38. Kh2 Rf8 (38... Qxc4 $11 {keeps the balance.} 39. d7 (39. Nxf6 gxf6 40. d7 Qc5 $11) 39... Ra8) 39. Nxf6 (39. Qc2 $16) 39... Rxf6 40. Rb2 Rd8 41. d7 h6 42. Rd4 Rf7 43. Qd3 Qf5 44. Qxf5 {Accuracy: White = 53%, Black = 51%.} ({Don't blunder} 44. Rxb6 $2 Qf2+ 45. Kh1 {[#]} Rf3 $1 $19 {[%mdl 576] Double Attack}) 1/2-1/2

[Event "84th ESP-ch 2019"]
[Site "Marbella"]
[Date "2019.11.17"]
[Round "2.18"]
[White "Gines Esteo, Pedro Antonio"]
[Black "Represa Perez, Mireya"]
[Result "1-0"]
[WhiteElo "2463"]
[BlackElo "2189"]
[Annotator "TA"]
[PlyCount "51"]
[EventDate "2019.11.16"]
[EventType "swiss"]
[EventCountry "ESP"]
[SourceTitle "playchess.com"]
[Source "ChessBase"]
[SourceQuality "1"]

{[%evp 13,51,27,27,0,0,-4,0,0,0,0,-7,-12,0,-57,-62,-58,-18,-25,0,-42,-52,-52,8,8,13,0,90,79,325,325,324,318,373,379,29991,29992,29993,29994,29998,29999]} 1. Nf3 Nf6 2. g3 g6 3. b3 Bg7 4. Bb2 d5 5. c4 c6 6. Bg2 O-O 7. O-O Nbd7 8. Nc3 {A11: English Opening: 1...c6} (8. d4 b5 9. c5 Ne4 10. Qc2 Qc7 11. Nc3 f5 12. a4 b4 13. Nxe4 fxe4 14. Ng5 Nf6 15. f3 h6 16. Nh3 {½-½ (59) Vitiugov,N (2728)-Sarana,A (2655) Izhevsk 2019}) 8... e5 9. cxd5 cxd5 10. Rc1 {The position is equal.} a6 11. d4 e4 12. Ne5 Re8 13. Nxd7 $146 (13. f3 $11) ({Predecessor:} 13. e3 b5 14. Nxd7 Bxd7 15. Qd2 Bf8 16. Nb1 a5 {0-1 (44) Matuska,M (2082)-Markos,A (2065) Hungary 2013}) 13... Bxd7 $15 14. Na4 Bxa4 15. bxa4 Nd7 16. f3 exf3 17. Bxf3 Nb6 (17... Nf6 $15) 18. Rc5 $11 Bf8 19. Ba1 {Hoping for a5.} a5 (19... Qd7 $11) 20. Qb3 $16 {[%cal Rc5d5]} Bxc5 $2 {[#]} (20... Bg7 $16) 21. dxc5 $18 Nc4 22. Qxb7 Qc8 23. Qxd5 Ne3 $2 (23... Qe6 $18 24. Qxe6 fxe6 25. Bxa8 Rxa8) 24. Qd4 {[%csl Ga1][%cal Rd4h8] White mates.} f6 25. Qxf6 {[%csl Ga1][%cal Rf6g7]} Ra7 {[#]} 26. Bd5+ $1 {[%mdl 576] Back Rank. Accuracy: White = 64%, Black = 36%.} 1-0

[Event "84th ESP-ch 2019"]
[Site "Marbella"]
[Date "2019.11.17"]
[Round "2.19"]
[White "Rodriguez Redondo, Adhara"]
[Black "Tejedor Fuente, Enrique"]
[Result "1/2-1/2"]
[WhiteElo "2199"]
[BlackElo "2457"]
[Annotator "TA"]
[PlyCount "71"]
[EventDate "2019.11.16"]
[EventType "swiss"]
[EventCountry "ESP"]
[SourceTitle "playchess.com"]
[Source "ChessBase"]
[SourceQuality "1"]

{[%evp 21,71,0,25,0,8,0,16,0,5,-22,32,25,29,26,52,59,59,62,50,49,50,51,81,77,235,225,201,199,207,193,220,215,233,222,245,181,223,194,259,258,264,267,396,372,375,329,312,0,302,0,276,0]} 1. e4 e6 2. Nf3 c5 3. d4 cxd4 4. Nxd4 Nc6 5. Nc3 Qc7 6. Be2 Nf6 7. O-O a6 8. Be3 Be7 9. f4 d6 10. a4 O-O 11. Bf3 Na5 12. Qc1 {B85: Sicilian Scheveningen: 6 Be2 a6, lines with early Be3} (12. Qe2 Nc4 13. e5 dxe5 14. Ndb5 axb5 15. Nxb5 Qb8 16. Qxc4 Bd7 17. fxe5 Qxe5 18. Bd4 Qb8 19. Qe2 Bc6 {½-½ (38) Kogan,A (2528)-Fier,A (2624) Drancy 2016}) 12... Rb8 $146 ({Predecessor:} 12... Bd7 13. g4 h6 14. f5 Nh7 15. Bg2 Nc4 16. Nf3 Nxe3 17. Qxe3 Rac8 18. Kh1 Bf6 19. Rfd1 Bxc3 20. bxc3 {0-1 (44) Simon,E (2030)-Dekar,L (2193) France 2002}) 13. Kh1 b6 14. g4 {The position is equal.} d5 15. exd5 Nxd5 (15... Bb7 $11) 16. Nxd5 $14 exd5 17. f5 Nc4 18. Bf4 (18. Bxd5 Bb7 $17) 18... Bd6 19. Bxd6 (19. Bxd5 $2 Qc5 $19) 19... Qxd6 20. b3 $36 {[%mdl 2048] White fights for an advantage.} Ne5 21. Qf4 Bb7 22. Bg2 h6 $2 {[#]} (22... f6 $16) 23. f6 $18 Qxf6 24. Qxf6 gxf6 25. Rxf6 b5 26. axb5 ({Don't take} 26. Rxh6 bxa4 27. Rh5 (27. bxa4 Nxg4 28. Rb6 Ba8 $16) 27... Nc6) 26... axb5 27. h3 (27. Rxh6 $6 Nxg4 28. Rh5 Ra8 $16) 27... b4 28. Nf5 d4 29. Nxh6+ ({Don't play} 29. Rxh6 $6 Bxg2+ 30. Kxg2 Ng6 $16) 29... Kg7 (29... Kh7 $142 30. Ra5 Bxg2+ 31. Kxg2 Ng6) 30. g5 Bxg2+ 31. Kxg2 d3 (31... Rb5 {keeps fighting.} 32. h4 Rd8) 32. Nf5+ Kg8 33. Ne7+ Kg7 34. Nf5+ Kg8 35. Ne7+ Kg7 36. Nf5+ $2 {Accuracy: White = 51%, Black = 33%.} (36. cxd3 $18 Nxd3 37. h4) 1/2-1/2

[Event "84th ESP-ch 2019"]
[Site "Marbella"]
[Date "2019.11.17"]
[Round "2.20"]
[White "Huerga Leache, Mikel"]
[Black "Ramirez Diaz, Jose Ramon"]
[Result "0-1"]
[WhiteElo "2456"]
[BlackElo "2171"]
[Annotator "TA"]
[PlyCount "84"]
[EventDate "2019.11.16"]
[EventType "swiss"]
[EventCountry "ESP"]
[SourceTitle "playchess.com"]
[Source "ChessBase"]
[SourceQuality "1"]

{[%evp 11,84,10,37,17,42,33,23,30,52,4,25,15,31,-16,-16,-48,-59,-72,-73,-98,-103,-122,23,18,33,-28,-22,-52,-35,-21,-27,-69,-17,-45,0,0,0,0,0,-22,0,-267,-261,-222,-237,-262,-267,-251,-239,-1144,-1020,-957,-957,-4132,-4132,-4132,-2395,-2116,-2078,-1487,-1412,-1133,-600,-598,-596,-576,-560,-629,-629,-658,-629,-5019,-4132,-4132,-1972]} 1. Nf3 Nf6 2. g3 d5 3. Bg2 g6 4. b3 Bg7 5. Bb2 O-O 6. c4 c5 7. cxd5 {A05: Réti Opening: 1 Nf3 Nf6} Qxd5 (7... Nxd5 8. Bxg7 Kxg7 9. O-O Nc6 10. d4 cxd4 11. Nxd4 Nxd4 12. Qxd4+ Nf6 13. Qe5 Qb6 14. Nc3 Be6 15. Na4 Qb4 16. Qc5 a5 17. Qxb4 axb4 18. Bxb7 Ra5 19. Rfc1 Rd8 20. Rc5 {1-0 (67) Meier,G (2647)-Sebenik,M (2551) chess.com INT 2018}) 8. Nc3 Qd6 9. Rc1 {White has an edge.} Bd7 10. Ba3 Na6 $146 (10... b5 $5 {[%cal Rb5b4]} 11. Nh4 Na6 $14) ({Predecessor:} 10... b5 11. Nh4 Na6 12. Bxa8 Rxa8 13. Bb2 Bh3 14. Rg1 Rb8 {½-½ (45) Sanzhaev,D (2397)-Kavyev,R (2211) Moscow 2018}) 11. O-O b5 {And now ...b4 would win.} 12. Nb1 e5 13. Ne1 Rac8 14. Bb7 Rc7 15. Bxa6 Qxa6 16. Nd3 Qe6 ({Black should play} 16... Bh3 $17 {White must now prevent ...b4.} 17. Nxc5 Qb6) 17. Rxc5 $11 Rxc5 18. Bxc5 (18. Nxc5 $14 Qh3 19. f3 (19. Nxd7 {leads to mate.} Ng4 20. Nf6+ Bxf6 21. Re1 Qxh2+ {[%mdl 64] Double Attack} 22. Kf1 Qxf2#)) 18... Rc8 19. Bxa7 Bc6 20. f3 e4 21. Ne1 Qh3 (21... h5 $15) 22. Be3 b4 23. a3 $1 h5 24. axb4 h4 25. gxh4 Nd5 (25... exf3 {is more complex.} 26. exf3 Nd5 27. Na3 Nxb4 28. Qe2 Qxh4 29. Qc4 Qe7) 26. Ng2 $2 {[%mdl 8192] [#]} (26. Na3 $1 $11) 26... exf3 $1 $19 ({Worse is} 26... Nxb4 27. f4 $11) 27. Rxf3 Nxe3 $40 {[%mdl 128] White is in trouble.} 28. dxe3 Bxf3 29. exf3 Bb2 {aiming for ...Rc1!} 30. Kf2 $2 (30. Nf4 Qxh4 31. Nd3 Qg5+ 32. Kf1 Qxe3 33. Qe2) 30... Qxh2 {Black is clearly winning.} 31. f4 Rc1 32. Qd8+ Kg7 33. Nd2 Bf6 34. Qd5 Bxh4+ 35. Ke2 Rg1 36. Kd3 Qxg2 37. Qxg2 Rxg2 38. b5 Bd8 39. Nc4 g5 40. b6 g4 {Strongly threatening ...g3.} 41. Ke4 Ra2 42. Kd3 {[#]} g3 {Played: Bd8xb6} 0-1